000 00659nam a22002057a 4500
003 OSt
005 20190703100133.0
008 190703b xxu||||| |||| 00| 0 ara d
040 _aLB-BrCRDP
082 _a892.73 S949a
100 _aموسى سليمان
245 _aالأدب القصصي عند العرب: دراسة نقدية
250 _aالطبعة الخامسة
260 _aبيروت
_bدار الكتاب اللبناني - مكتبة المدرسة
_c1983
300 _aص431
_cس21
490 _aالمكتبة القصصية
630 _a Arabic fiction -- History and criticism.
630 _a Arabic fiction.
942 _2ddc
_cBK
999 _c23030
_d23030